| 000 | 00623nam a2200181Ia 4500 | ||
|---|---|---|---|
| 008 | 100917s9999 xx 000 0 und d | ||
| 082 | _b37385 | ||
| 100 | _aढोले एन. आर. | ||
| 245 | _aजे. कृष्णमूर्ती दर्शन | ||
| 260 |
_bढमढेरे पां. रा. प्रकाशन _c--- |
||
| 300 | _a105 | ||
| 365 | _b1.5 | ||
| 520 | _aअध्यात्म | ||
| 630 | _aजे. कृष्णमूर्ती दर्शन | ||
| 650 | _aअध्यात्म | ||
| 730 | _aजे. कृष्णमूर्ती दर्शन | ||
| 942 | _cBOOK | ||
| 999 |
_c642779 _d642776 |
||